• 首页
  • 本馆介绍
  • 公告通知
  • 最新文献
  • 馆藏检索
  • 电子资源
  • 读者导购
  • 参考咨询
  • 我的图书馆
  • 登录
  • 详细信息显示
  • 放入我的书架
  • 预约/预借图书
  • 作者相关作品
  • 分类相关作品
  • 丛书相关作品
  • 出版社相关作品

书目信息

  • 表格格式
  • 工作单格式
  • 卡片格式
题名:
盛世华服新款画法及裁剪图
    
 
作者: 朱天明 , 朱跃岗 著
分册:  
出版信息: 北京   中国轻工业出版社  2002.01
页数: 200页
开本: 26cm
丛书名: 中华服饰丛书
单 册:
中图分类: TS941.742
科图分类:
主题词: 服装工业
电子资源:
ISBN: 7-5019-3193-3
000 00701nam0 2200229 45
001 0211150945
005 20021115095920.4
010    @a7-5019-3193-3@d38.00元
100    @a20021115d2002 km y0chiy0120 ea
101 0  @achi
105    @a z 000yy
200 1  @a盛世华服新款画法及裁剪图@ASheng Shi Hua Fu Xin Kuan Hua Fa Ji Cai Jian Tu@f朱天明,朱跃岗著@FZhu Tian Ming,Zhu Yue Gang Zhu
210    @a北京@c中国轻工业出版社@d2002.01
215    @a200页@d26cm@c图
225    @a中华服饰丛书
410    @12001 @a中华服饰丛书
606 0  @a服装工业
690    @aTS941.742@v3
701  0 @a朱天明@4著
701  0 @a朱跃岗@4著
801    @aCN@bPftUser@c20021115
905    @aBZT@b342979-981@dTS941.742@e1@f3
    
    盛世华服新款画法及裁剪图/朱天明,朱跃岗著.-北京:中国轻工业出版社,2002.01
    200页;26cm:图.-(中华服饰丛书)
    
    
    ISBN 7-5019-3193-3:38.00元
    
●
相关链接 在五车中查询图书 在当当中查询图书 在豆瓣中查询图书


正题名:盛世华服新款画法及裁剪图     索取号:TS941.742/1         预约/预借

序号 登录号 条形码 馆藏地/架位号 状态 备注
1 342979   201390645   中心书库中库/ 中库024架B面1列7层51/ [索取号:TS941.742/1] 在馆    
2 342981   201390743   中心书库中库/ 中库024架B面7列5层52/ [索取号:TS941.742/1] 在馆    
山东省滨州职业学院图书馆 欢迎您!
大连网信软件有限公司© 版权所有